| 000 | 00366cam a2200145ua 4500 | ||
|---|---|---|---|
| 041 |
_aeng _h |
||
| 082 |
_a664.8 _bHUI/HA |
||
| 100 | _aHui, Y.H . | ||
| 245 | 0 | 0 |
_aHand book of fruits and fruit processing / _cY.H Hui. _hTextual Documents |
| 260 |
_aNew Delhi : _bWiley Eastern Ltd , _c2008. |
||
| 300 | _a ; . | ||
| 504 | _a | ||
| 942 | _cBK | ||
| 999 |
_c13413 _d13413 |
||